| 000 | 01285nam a2200337 a 4500 | ||
|---|---|---|---|
| 001 | 000115842 | ||
| 003 | CHAP | ||
| 005 | 20220329144551.0 | ||
| 008 | 190715s2019 mx a sm |||||||spa d | ||
| 010 | _a112303 | ||
| 011 | _a113275 | ||
| 040 | _cCHAP | ||
| 090 | _aTesis | ||
| 100 | 1 |
_aRifas Juárez, María Verónica. _9136503 |
|
| 245 | 1 | 0 |
_aRendimiento de genotipos de chile habanero en respuesta a la poda bajo casa sombra / _h[En línea] _cpor María Verónica Rifas Juarez. |
| 260 |
_aChapingo, Méx. : _bEl autor, _c2019. |
||
| 500 | _aPara ver el contenido del material haga clic en la liga | ||
| 502 | _aTesis (Ing. Agr. Fitotecnista ) -- Colegio Superior Agropecuario del Estado de Guerrero. Centro de Estudios Profesionales | ||
| 590 |
_aBATCH-UPD _b05 _c20190715 _lUCH01 _h1555 |
||
| 590 |
_aE8697GMM _b05 _c20190715 _lUCH01 _h1252 |
||
| 590 |
_aE8697GMM _b05 _c20190715 _lUCH01 _h1253 |
||
| 590 |
_aE8697GMM _b05 _c20190715 _lUCH01 _h1555 |
||
| 650 | 1 | 4 |
_aChile habanero _xCalidad. _9136506 |
| 650 | 1 | 4 |
_aChile habanero _xCrecimiento. _9136409 |
| 650 | 1 | 4 |
_aChile habanero _xPoda. _9136505 |
| 650 | 1 | 4 |
_aChile habanero _xRendimiento. _922420 |
| 856 |
_aFinding aid _uhttp://10.13.5.2/tesis/sist115842.pdf _zTeclea aquí |
||
| 901 | _aBK | ||
| 942 | _cTESIS | ||
| 942 | _n0 | ||
| 999 |
_c112303 _d112303 |
||